María
-д хадгалсан:
| Үндсэн зохиолч: | |
|---|---|
| Формат: | Ном |
| Хэл сонгох: | испани |
| Хэвлэсэн: |
Santiago
Andrés Bello
1993
|
| Хэвлэл: | 4a. ed |
| Нөхцлүүд: | |
| Шошгууд: |
Шошго нэмэх
Шошго байхгүй, Энэхүү баримтыг шошголох эхний хүн болох!
|
MARC
| LEADER | 00000nam a2200000 a 4500 | ||
|---|---|---|---|
| 001 | UCJ0768 | ||
| 003 | CL-VaPUC | ||
| 008 | 060908e19930000CL |||||||||||||||||spa|d | ||
| 020 | |a 9561309369 | ||
| 082 | 0 | 4 | |a Co863 |b ISA |2 21 |
| 100 | |a Isaacs, Jorge |e author |9 317136 | ||
| 245 | 1 | 0 | |a María |
| 250 | |a 4a. ed | ||
| 300 | |a 312 p | ||
| 942 | |c BK | ||
| 945 | |d 20060908 00:00:00 |a cmena | ||
| 260 | |a Santiago |b Andrés Bello |c 1993 | ||
| 650 | 0 | |a Novelas colombianas |9 266734 | |
| 650 | 0 | |a Literatura colombiana |9 315578 | |
| 650 | 0 | |a Romanticismo |9 266698 | |
| 583 | |a last modification |c 20060908 00:00:00 |k Rodrigo Vera | ||
| 999 | |c 317523 |d 317521 | ||
| 952 | |0 0 |1 0 |4 0 |6 CO_863_000000000000000_ISA_1993 |7 0 |8 A |9 393982 |a BIBEDU |b BIBEDU |d 2019-11-22 |i 426777K |l 2 |m 2 |o Co863 ISA 1993 |p 426777K |r 2023-05-31 |s 2023-05-11 |w 2019-11-22 |y BK |k PAR | ||